000 00751 a2200193 4500
999 _c8751
_d8751
020 _a9781431420223
050 0 0 _aHD 4875.95 BAH 2014
100 1 _aBahadur, Gaiutra,
_d1975-
_eauthor.
245 1 0 _aCoolie woman :
_bthe odyssey of indenture /
_cGaiutra Bahadur.
264 1 _aChicago :
_bUniversity of Chicago Press,
_c[2014]
300 _axxi, 274 pages :
_billustrations, map ;
500 _a.Includes bibliographical references and index.
504 _aIncludes bibliographical references (pages 255-263) and index.
650 0 _aIndentured servants
_xHistory
650 0 _aWomen slaves
_xHistory
650 0 _aWomen, East Indian
_xSocial conditions
942 _2lcc
_cBK
_h4875.95
_iBAH
_kHD